|
|
|
|
| LEADER |
00962nam a2200253 a 4500 |
| 001 |
2071009 |
| 008 |
100124s1995 njua b 001 0 eng d |
| 010 |
|
|
|a 94043559
|
| 020 |
|
|
|a 013036245X
|
| 040 |
|
|
|a DLC
|c DLC
|d DLC
|d DB-DhAAL
|
| 082 |
0 |
0 |
|a 301/.01
|2 20
|
| 100 |
1 |
|
|a Wallace, Ruth A.
|
| 245 |
1 |
0 |
|a Contemporary sociological theory :
|b continuing the classical tradition /
|c Ruth A. Wallace, Alison Wolf.
|
| 250 |
|
|
|a 4th ed.
|
| 260 |
|
|
|a Englewood Cliffs, N.J. :
|b Prentice-Hall,
|c c1995.
|
| 300 |
|
|
|a xii, 434 p. :
|b ill. ;
|c 23 cm.
|
| 504 |
|
|
|a Includes bibliographical references (p. 410-419) and index.
|
| 541 |
1 |
|
|e 00010295
|
| 650 |
|
0 |
|a Sociology.
|
| 650 |
|
0 |
|a Sociology
|x Philosophy.
|
| 700 |
1 |
|
|a Wolf, Alison.
|
| 852 |
4 |
|
|a Ayesha Abed Library
|j General Shelf.
|
| 999 |
|
|
|c 7127
|d 7127
|
| 952 |
|
|
|0 0
|1 0
|2 ddc
|4 0
|6 301_010000000000000_WAL_1995
|7 0
|9 7403
|a BRACUL
|b BRACUL
|c GEN
|d 2010-01-24
|l 2
|m 1
|o 301.01 WAL
|p 3010010295
|r 2025-05-25
|s 2025-04-30
|t 1
|w 2010-01-24
|y BK
|